000
00210nam a2200085Ia 4500
008
120527s9999 xx 000 0 und d
100
_a
BISK, M. NATHAN
245
_a
Financial Accounting and reporting
942
_c
BK
999
_c
27117
_d
27117